Niñez y adolescencia
Gespeichert in:
| 1. Verfasser: | |
|---|---|
| Format: | Buch |
| Sprache: | Spanisch |
| Veröffentlicht: |
Buenos Aires
Paidos
1973
|
| Schriftenreihe: | Biblioteca psicología infantil, 2
|
| Schlagworte: | |
| Tags: |
Tag hinzufügen
Keine Tags, Fügen Sie den ersten Tag hinzu!
|
MARC
| LEADER | 00000nam a2200000 a 4500 | ||
|---|---|---|---|
| 001 | UCY4067 | ||
| 003 | CL-VaPUC | ||
| 008 | 950227e19730000AG |||||||||||||||||spa|d | ||
| 082 | 0 | 4 | |a 155.4 |b STO |2 21 |
| 100 | 0 | |a Stone, L. Joseph |e author |9 332473 | |
| 245 | 1 | 0 | |a Niñez y adolescencia |
| 300 | |a 350 p | ||
| 942 | |c BK | ||
| 945 | |d 19950227 00:00:00 |a rbrito | ||
| 260 | |a Buenos Aires |b Paidos |c 1973 | ||
| 650 | 0 | |a Psicología del niño |9 307305 | |
| 650 | 0 | |a Psicología del adolescente |9 307864 | |
| 583 | |a last modification |c 20130106 11:35:07 |k Rodrigo Vera | ||
| 490 | 0 | |a Biblioteca psicología infantil, 2 | |
| 999 | |c 232038 |d 232036 | ||
| 952 | |0 0 |1 0 |4 0 |6 155_400000000000000_STO_1973 |7 0 |8 P |9 236030 |a BIBEDU |b BIBEDU |c BIBEDU_PB |d 2019-11-15 |i 3059936 |o 155.4 STO 1973 |p 3059936 |r 2024-01-25 |w 2019-11-15 |y BK |k EDU | ||
| 952 | |0 0 |1 0 |4 0 |6 155_400000000000000_STO_1973 |7 0 |8 P |9 236031 |a BIBEDU |b BIBEDU |c BIBEDU_PB |d 2019-11-15 |i 3059944 |o 155.4 STO 1973 |p 3059944 |r 2024-01-25 |w 2019-11-15 |y BK |k EDU | ||